[Event "Thessaloniki ESSTH HALK-ch U16 11th"]
[Site "Thessaloniki"]
[Date "2018.11.03"]
[Round "1.1"]
[White "Nikolaou, Alexandros"]
[Black "Stefanidis, Evgenios"]
[Result "1-0"]
[WhiteElo "1644"]
[BlackElo "1195"]
[PlyCount "45"]
[EventDate "2018.11.03"]
[EventType "swiss"]
[EventRounds "6"]
[EventCountry "GRE"]
[SourceTitle "EXT 2024"]
[Source "ChessBase"]
[SourceDate "2023.10.10"]
[SourceVersion "1"]
[SourceVersionDate "2023.10.10"]
[SourceQuality "1"]

1. e4 a6 2. d4 b5 3. Nf3 Bb7 4. Bd3 Nf6 5. Qe2 e6 6. 0-0 c5 7. c3 d5 8. e5 Ne4 9. Nbd2 Nxd2 10. Bxd2 cxd4 11. cxd4 Be7 12. b4 Nc6 13. a4 bxa4 14. Rxa4 Qb6 15. Rfa1 Nxd4 16. Nxd4 Qxd4 17. Bb5+ axb5 18. Rxa8+ Bxa8 19. Rxa8+ Bd8 20. Qxb5+ Ke7 21. Qb7+ Ke8 22. Qc6+ Ke7 23. Qd6+ 1-0

[Event "EThessaloniki SSTH HALK-ch U16"]
[Site "Thessaloniki"]
[Date "2017.10.01"]
[Round "1.1"]
[White "Maggos, Nikolaos"]
[Black "Nikolaou, Alexandros"]
[Result "0-1"]
[WhiteElo "1496"]
[BlackElo "1585"]
[PlyCount "100"]
[EventDate "2017.10.01"]
[EventType "swiss"]
[EventRounds "6"]
[EventCountry "GRE"]
[SourceTitle "EXT 2024"]
[Source "ChessBase"]
[SourceDate "2023.10.10"]
[SourceVersion "1"]
[SourceVersionDate "2023.10.10"]
[SourceQuality "1"]

1. e4 c5 2. Nc3 Nc6 3. f4 e6 4. Bb5 Nd4 5. Nf3 a6 6. Bd3 Ne7 7. Nxd4 cxd4 8. Ne2 Nc6 9. 0-0 Bc5 10. a3 b5 11. b4 Bb6 12. Qe1 Qe7 13. Bb2 a5 14. Bxb5 d3+ 15. Kh1 dxe2 16. Qxe2 f6 17. c3 0-0 18. Rae1 axb4 19. axb4 Bb7 20. Rf3 Qf7 21. Rh3 Kh8 22. Bc4 d5 23. exd5 exd5 24. Bd3 h6 25. Qf3 Rfe8 26. Rf1 Rad8 27. Qg3 f5 28. Bc2 Re7 29. Bb3 Ba6 30. Ra1 Bb5 31. Qh4 Kh7 32. Bc2 d4 33. d3 Rde8 34. c4 Nxb4 35. Bb3 Bc6 36. Ba3 Bc5 37. Rg1 Nxd3 38. Rxd3 Bxa3 39. c5 Qg6 40. Rg3 Qf6 41. Qxf6 gxf6 42. Bc2 Bxc5 43. Bxf5+ Kh8 44. Bd3 Be4 45. h3 Bxd3 46. Rxd3 Re3 47. Rd2 d3 48. Rgd1 Re1+ 49. Kh2 Rxd1 50. Rxd1 Re3 0-1

[Event "GRE-chT 45th"]
[Site "Achaia"]
[Date "2017.07.07"]
[Round "6.16"]
[White "Zgouletas, Ioannis"]
[Black "Nikolaou, Alexandros"]
[Result "0-1"]
[WhiteElo "1467"]
[BlackElo "1540"]
[PlyCount "46"]
[EventDate "2017.07.03"]
[EventType "team-swiss"]
[EventRounds "7"]
[EventCountry "GRE"]
[SourceTitle "CBM 179 Extra"]
[Source "ChessBase"]
[SourceDate "2017.08.23"]
[SourceVersion "1"]
[SourceVersionDate "2017.08.23"]
[SourceQuality "1"]
[WhiteTeam "Volos IN"]
[BlackTeam "Triandrias Chess Intervention"]
[WhiteTeamCountry "GRE"]
[BlackTeamCountry "GRE"]

1. e4 c5 2. Nf3 Nc6 3. d4 cxd4 4. Nxd4 g6 5. Be3 Bg7 6. c3 Nf6 7. f3 0-0 8. Qd2 d5 9. exd5 Nxd5 10. Nxc6 bxc6 11. Bh6 Bxh6 12. Qxh6 Qb6 13. Qd2 Rd8 14. Na3 Ne3 15. Qe2 Bf5 16. Nc4 Nxc4 17. Qxc4 Qxb2 18. Rd1 Rxd1+ 19. Kxd1 Rd8+ 20. Qd4 Rxd4+ 21. cxd4 Qxd4+ 22. Kc1 Qf2 23. Kd1 Qxa2 0-1

[Event "GRE-chT 45th"]
[Site "Achaia"]
[Date "2017.07.04"]
[Round "2.15"]
[White "Karzias, Christos"]
[Black "Nikolaou, Alexandros"]
[Result "1-0"]
[WhiteElo "1718"]
[BlackElo "1540"]
[PlyCount "115"]
[EventDate "2017.07.03"]
[EventType "team-swiss"]
[EventRounds "7"]
[EventCountry "GRE"]
[SourceTitle "CBM 179 Extra"]
[Source "ChessBase"]
[SourceDate "2017.08.23"]
[SourceVersion "1"]
[SourceVersionDate "2017.08.23"]
[SourceQuality "1"]
[WhiteTeam "Sykeon Neapolis"]
[BlackTeam "Triandrias Chess Intervention"]
[WhiteTeamCountry "GRE"]
[BlackTeamCountry "GRE"]

1. d4 Nf6 2. c4 e6 3. Nc3 Bb4 4. e3 0-0 5. Bd3 c5 6. Nf3 Bxc3+ 7. bxc3 d6 8. e4 cxd4 9. cxd4 e5 10. d5 Nbd7 11. 0-0 Nc5 12. Qe2 Bg4 13. h3 Bh5 14. g4 Bg6 15. Nd2 Qd7 16. f3 Qe7 17. Rf2 Nfd7 18. Nf1 Rfe8 19. Ng3 Qh4 20. Kg2 Rac8 21. Be3 Rc7 22. Bc2 Qe7 23. h4 h6 24. Qd2 Nb6 25. Bb3 Ra8 26. Rc1 a5 27. h5 Bh7 28. g5 hxg5 29. Bxg5 f6 30. Be3 a4 31. Bd1 Rac8 32. Qb4 Nbd7 33. Rc3 Ra8 34. Ra3 b6 35. Rd2 Rca7 36. Rb2 Qd8 37. Qe1 Qc7 38. Kg1 Qd8 39. h6 g6 40. Nf5 Qf8 41. Ng7 Kh8 42. Qh4 Qf7 43. Rc3 Nf8 44. Rxb6 Ra6 45. Bxc5 dxc5 46. Rb2 g5 47. Qh3 Ng6 48. Ne6 Nf4 49. Nxf4 gxf4 50. Rg2 Rg8 51. Rcc2 f5 52. Rxg8+ Qxg8+ 53. Rg2 Rg6 54. exf5 Rxg2+ 55. Qxg2 Qxg2+ 56. Kxg2 Bxf5 57. Bxa4 Kh7 58. d6 1-0

[Event "GRE-chT U16 9th"]
[Site "Thessaloniki"]
[Date "2016.12.17"]
[Round "5.1"]
[White "Argyropoulos, Theodoros"]
[Black "Nikolaou, Alexandros"]
[Result "1-0"]
[WhiteElo "1733"]
[BlackElo "1546"]
[PlyCount "79"]
[EventDate "2016.12.15"]
[EventType "team-swiss"]
[EventRounds "6"]
[EventCountry "GRE"]
[SourceTitle "CBM 176 Extra"]
[Source "ChessBase"]
[SourceDate "2017.03.02"]
[SourceVersion "1"]
[SourceVersionDate "2017.03.02"]
[SourceQuality "1"]
[WhiteTeam "Patron"]
[BlackTeam "Triandrias"]
[WhiteTeamCountry "GRE"]
[BlackTeamCountry "GRE"]

1. e4 c5 2. Nc3 e6 3. g3 Nc6 4. Bg2 Nge7 5. f4 d5 6. d3 a6 7. Nf3 d4 8. Ne2 Ng6 9. 0-0 Bd6 10. Qe1 0-0 11. Kh1 Bd7 12. Bd2 Rc8 13. g4 Be7 14. f5 Nh4 15. Rg1 Nxf3 16. Bxf3 Bg5 17. Bf4 e5 18. Bg3 Re8 19. a3 b5 20. h4 Be3 21. Bf2 Bxf2 22. Qxf2 c4 23. g5 f6 24. Rg2 Kh8 25. Rag1 Rg8 26. Bh5 Qe7 27. Qf3 cxd3 28. Bg6 h6 29. Qh5 Qf8 30. cxd3 Be8 31. Bxe8 Qxe8 32. g6 Na5 33. Ng3 Qe7 34. Nf1 Rc1 35. Nh2 Rxg1+ 36. Rxg1 Nb3 37. Ng4 Qf8 38. Rg2 Nc1 39. Rc2 Nxd3 40. Rc7 1-0

[Event "GRE-chT U16 9th"]
[Site "Thessaloniki"]
[Date "2016.12.17"]
[Round "4.1"]
[White "Nikolaou, Alexandros"]
[Black "Kolytas, Spiridon"]
[Result "1/2-1/2"]
[WhiteElo "1546"]
[BlackElo "1703"]
[PlyCount "58"]
[EventDate "2016.12.15"]
[EventType "team-swiss"]
[EventRounds "6"]
[EventCountry "GRE"]
[SourceTitle "CBM 176 Extra"]
[Source "ChessBase"]
[SourceDate "2017.03.02"]
[SourceVersion "1"]
[SourceVersionDate "2017.03.02"]
[SourceQuality "1"]
[WhiteTeam "Triandrias"]
[BlackTeam "Kerkiras"]
[WhiteTeamCountry "GRE"]
[BlackTeamCountry "GRE"]

1. e4 c6 2. Nc3 d5 3. Nf3 g6 4. d4 Bg7 5. e5 Bg4 6. h3 Bxf3 7. Qxf3 e6 8. Be3 Nd7 9. h4 Qb6 10. 0-0-0 h5 11. Qg3 Nh6 12. Bd3 0-0-0 13. Kb1 Rdg8 14. Qf3 Nf5 15. Bxf5 gxf5 16. Rh3 Bh6 17. Rg3 Rg4 18. Bxh6 Rxh6 19. Rxg4 hxg4 20. Qg3 Qd8 21. Rh1 Nf8 22. Ne2 Ng6 23. h5 Qg5 24. f4 Qd8 25. Qe1 Nf8 26. Qb4 Ng6 27. Qe1 Nf8 28. Qb4 Ng6 29. Qe1 Nf8 1/2-1/2

[Event "GRE-ch U12"]
[Site "Patras"]
[Date "2013.07.10"]
[Round "4.15"]
[White "Pavlidis, Pavlos"]
[Black "Nikolaou, Alexandros"]
[Result "1/2-1/2"]
[WhiteElo "1484"]
[BlackElo "1324"]
[PlyCount "97"]
[EventDate "2013.07.08"]
[EventType "swiss"]
[EventRounds "9"]
[EventCountry "GRE"]
[SourceTitle "EXT 2024"]
[Source "ChessBase"]
[SourceDate "2023.10.10"]
[SourceVersion "1"]
[SourceVersionDate "2023.10.10"]
[SourceQuality "1"]

1. e4 c5 2. Nf3 d6 3. Bb5+ Bd7 4. Bxd7+ Qxd7 5. 0-0 Nf6 6. Qe2 Nc6 7. c3 e6 8. d4 cxd4 9. cxd4 d5 10. e5 Ne4 11. Be3 Be7 12. Ne1 h6 13. f3 Ng5 14. Nd2 Nh7 15. Nd3 Bg5 16. Nb3 b6 17. Rac1 Rc8 18. Rc3 0-0 19. f4 Be7 20. Rfc1 Nb4 21. a3 Rxc3 22. Rxc3 Nxd3 23. Qxd3 Rc8 24. Nc1 Rxc3 25. Qxc3 Nf8 26. Qc2 Bd8 27. Bd2 Qc7 28. Qxc7 Bxc7 29. Na2 Ng6 30. g3 Ne7 31. Nb4 Kh7 32. Na6 Bd8 33. Nb8 Bc7 34. Na6 Bd8 35. Kf2 Nc6 36. Ke3 Kg6 37. Bb4 Kf5 38. h3 h5 39. Bd6 g5 40. Nb4 Nxb4 41. Bxb4 gxf4+ 42. gxf4 Kg6 43. Be1 Be7 44. Kd3 Kf5 45. Ke3 Kg6 46. Kf3 Kf5 47. Bd2 Kg6 48. a4 a6 49. b4 1/2-1/2